Mere theology : (Record no. 7681)

MARC details
000 -LEADER
fixed length control field 00576nam a22001932 4500
001 - CONTROL NUMBER
control field 0000008671
005 - DATE AND TIME OF LATEST TRANSACTION
control field 20151217152039.0
008 - FIXED-LENGTH DATA ELEMENTS--GENERAL INFORMATION
fixed length control field 080513s xx 000 0 eng d
020 ## - INTERNATIONAL STANDARD BOOK NUMBER
International Standard Book Number 083082782x :
Terms of availability KES 1560
040 ## - CATALOGING SOURCE
Original cataloging agency KABU
Transcribing agency KABU
100 1# - MAIN ENTRY--PERSONAL NAME
Personal name Vaus, Will.
-- 0000159344
245 10 - TITLE STATEMENT
Title Mere theology :
Remainder of title a guide to the thought of C. S. Lewis /
Statement of responsibility, etc. Will Vaus.
260 ## - PUBLICATION, DISTRIBUTION, ETC. (IMPRINT)
Place of publication, distribution, etc. Downers Grove, IL. :
Name of publisher, distributor, etc. IVP,
Date of publication, distribution, etc. 2004.
300 ## - PHYSICAL DESCRIPTION
Extent 266 p.
650 #0 - SUBJECT ADDED ENTRY--TOPICAL TERM
Topical term or geographic name as entry element Lewis, C. S.
General subdivision Religion.
-- 0000159345
908 ## - PUT COMMAND PARAMETER (RLIN)
Put command parameter 080513
950 ## - LOCAL HOLDINGS (RLIN)
-- 1
Holdings
Withdrawn status Lost status Source of classification or shelving scheme Not for loan Home library Current library Date acquired Total Checkouts Full call number Barcode Date last seen Price effective from Koha item type
    Library of Congress Classification   Kabarak, Main Campus Kabarak, Main Campus 17/12/2015   BX5199 .L53V38 008948 17/12/2015 17/12/2015 General Collection
Designed with assistance from East African Informatics Ltd